000 00564nam a22002057a 4500
003 OSt
005 20151126180836.0
008 151126b xxu||||| |||| 00| 0 eng d
020 _a0826453295
040 _cDDC.
082 _a374.1CUR 1997.
100 _aCurzon L.B.
_96350
245 _aTeaching in Further Education.
_bAn outline of principles and practice;
250 _a5th ed
260 _aLondon.New York
_bContinuum
_c1997
300 _ax,450p;
_bill:
_c25cm
504 _aincludes references and Index.
650 _aTeaching.
_9776
942 _2ddc
_cSLOAN
999 _c2717
_d2717